Normal view
MARC view
Entry Personal Name
001 - CONTROL NUMBER
- control field: 1061086
003 - CONTROL NUMBER IDENTIFIER
- control field: OSt
005 - DATE AND TIME OF LATEST TRANSACTION
- control field: 20260121170214.0
008 - FIXED-LENGTH DATA ELEMENTS
- fixed length control field: 260121|| aca||aabn | a|a d
040 ## - CATALOGING SOURCE
- Original cataloging agency: OSt
- Transcribing agency: OSt
100 ## - HEADING--PERSONAL NAME
- Personal name: K. Ullas Karanth, James D. Nichols
670 ## - SOURCE DATA FOUND
- Source citation: Work cat.: (OSt)1626815: K. Ullas Karanth, James D. Nichols, Methods For Monitoring Tiger And Prey Populations
